| 000 | 00979nas a2200313 4500 | ||
|---|---|---|---|
| 001 | BR2014008132 | ||
| 003 | BR-BrBNA | ||
| 005 | 20231205124841.0 | ||
| 007 | ta | ||
| 008 | 230509b bl.|||p| |||| 00| 00por d | ||
| 040 |
_aBR-BrBNA _bpor _cBiblioteca Nacional de Agricultura |
||
| 041 | _a(En) | ||
| 072 | _aM12 | ||
| 100 | 1 | _aLemos, M.V.A. de | |
| 100 | 1 | _aArantes, T.Q. | |
| 100 | 1 | _aSouto, C.N. | |
| 100 | 1 | _aMartins, G.P. | |
| 100 | 1 | _aAraújo, J.G. | |
| 100 | 1 | _aGuimarães, I.G. | |
| 245 | 1 | _aEffects of digestible protein to energy ratios on growth and carcass chemical composition of siamese fighting fish (Betta splendens) | |
| 650 | _aPEIXE ORNAMENTAL | ||
| 650 | _aRAÇÃO | ||
| 650 | _aEXIGÊNCIA NUTRICIONAL | ||
| 650 | _aCARCAÇA | ||
| 650 | _aCRESCIMENTO | ||
| 773 | 0 |
_tCiência e Agrotecnologia (Brazil) _xISSN 1413-7054 _g(Jan-Feb 2014), v. 38(1) p. 76-84 _wBR2014008132 |
|
| 909 |
_a202311 _bLúcia _c55 _dLúcia Elande |
||
| 942 |
_2AGRIS _n0 _cANA |
||
| 999 |
_c241233 _d241233 |
||